00624nam a22002057a 45000010005000000030009000050050017000140080041000310200015000720400038000870820019001251000026001442450046001702500012002162600064002283000044002925000020003365040038003566500024003942965BD-DhUAP20200301151438.0200301r19981996ii a|||| b||| 001 0 eng d a0750625856 aBD-DhUAPbEngcBD-DhUAPdBD-DhUAP 223a725.39 BLO aBlow, Christopher J.  aAirport terminals /cChristopher J. Blow. a2nd ed. aOxford : bButterworth-Heinemann, cc1996 [Reprinted 1998]. ax, 217 pages :billustrations ;c30 cm. aIncludes index. aIncludes bibliography p. 212-213. a Airport terminals.